En el límite: una mirada a Michael Foucault desde Centroamérica /

保存先:
書誌詳細
第一著者: Alvarenga Venutolo, Patricia
フォーマット: テキスト
主題:
タグ: タグ追加
タグなし, このレコードへの初めてのタグを付けませんか!

MARC

LEADER 00000 a a2200000 04500
001 13648
003
040
100 |a Alvarenga Venutolo, Patricia  
245 |a En el límite:   |b una mirada a Michael Foucault desde Centroamérica /  |c Patricia Alvarenga Venutolo 
650 |a RELACIONES DE PODER  
650 |a DISCURSOS  
650 |a POLITICA  
650 |a VIOLENCIA  
650 |a CONTROL SOCIAL  
650 |a COSTA RICA  
773 |g volumen 81, número 2; páginas 105-109  
999 |c 31967  |d 31967